000 00687cam a2200229 a 4500
001 000009661
005 20200929161648.0
008 820413s1980 ve 000 d spa d
035 _a(DLC) 82142550
040 _aDO-SdBNP
_cDLC
_dDLC
_dBNPHU
082 _aV862.44
_bR558s
100 1 _aRiera S., Pedro
_d1941-
_924548
245 1 3 _aEl sueño de las tortugas /
_cPedro Riera S.
260 _aCaracas :
_bFundarte,
_c1980.
300 _a30 p. ;
_c21 cm.
490 1 _aCuaderno de difusión
_v54
650 4 _aTeatro venezolano
_923074
650 4 _aLiteratura venezolana
_93816
830 0 _aCuadernos de difusión ;
_v54
_96694
910 _aCatalogación por copia / LC
049 _aBNGR
999 _c9421
_d9421